| 000 | 01006nam0a22002771 4500 | ||
|---|---|---|---|
| 001 | rc\60605 | ||
| 005 | 20250620164239.0 | ||
| 010 |
_a5-7464-0393-8 _91500 |
||
| 035 | _a(NLR Aleph) 005336514 | ||
| 090 |
_a6647542 _c6647542 |
||
| 100 | _a20021216d1991 |||y0rusy50 ca | ||
| 101 | 0 | _arus | |
| 102 | _aRU | ||
| 105 | _aa ||||||||| | ||
| 200 | 1 |
_aФизиология и патология системы дыхания у спортсменов _fВ.В. Дубилей, П.В. Дубилей, С.Н. Кучкин |
|
| 210 |
_aКазань _cИзд-во Казан. ун-та _d1991 |
||
| 215 |
_a143, [1] с. _cил. _d20 |
||
| 320 | _aБиблиогр.: с. 142-144 | ||
| 700 | 1 |
_aДубилей _bВ.В. _gВладимир Васильевич |
|
| 701 | 1 |
_aДубилей _bП.В. _gПетр Владимирович |
|
| 701 | 1 |
_aКучкин _bС.Н. _gСергей Николаевич |
|
| 801 | 0 |
_aRU _bNLR _gpsbo |
|
| 801 | 1 |
_aRU _bELAR _2rusmarc |
|
| 852 |
_aNLR _j91-3/8576 |
||
| 942 | _cBOOK | ||
| 980 | _aNB | ||